[Event "Yerevan zt 1.5"]
[Site "Yerevan"]
[Date "2000.06.11"]
[Round "5"]
[White "Kotronias, Vasilios"]
[Black "Ilincic, Zlatko"]
[Result "1-0"]
[WhiteElo "2539"]
[BlackElo "2554"]
[Annotator "Tyomkin,D"]
[PlyCount "55"]
[EventDate "2000.06.07"]
[EventType "swiss"]
[EventRounds "9"]
[EventCountry "ARM"]
[SourceTitle "CBM 078"]
[Source "ChessBase"]
[SourceDate "2000.10.18"]
[SourceVersion "1"]
[SourceVersionDate "2000.10.18"]
[SourceQuality "1"]

1. e4 c5 2. Nf3 d6 3. d4 cxd4 4. Nxd4 Nf6 5. Nc3 a6 6. Bg5 e6 7. f4 Qb6 8. Qd2
Qxb2 9. Nb3 Qa3 10. Bxf6 gxf6 11. Be2 h5 12. O-O Nd7 13. f5 $146 (13. Kh1 b6
$146 {In this game Sulskis played dubiously with black. I don't see a reason
not to follow Kasparov by 13...h4.} (13... h4 14. h3 Be7 15. Rad1 b6 16. Qe3
Bb7 17. f5 {Kasparov} (17. Rd4 $2 $146 {In my opinion only 17.f5 of Short
gives white the compensation.} Rc8 $17 {[%cal Ga3b2] 0-1 Wells,P-Zhang Zhong/
Szeged 1997/CBM 62/[Tyomkin,D] (31)}) 17... Rc8 (17... Ne5 $6 {Ftacnik} 18.
Qxb6) 18. fxe6 fxe6 19. Bg4 Qb2 $1 20. Rd3 (20. Ne2 $2 Qe5 21. Nf4 f5 $17)
20... f5 $1 {1/2-1/2 Short,N-Kasparov,G/Riga 1995 (29)}) 14. Qd4 Nc5 (14... Bb7
15. Nb1 $140 (15. f5 $5) 15... e5 $13) 15. Qxf6 Rh7 16. f5 Be7 (16... Bg7 17.
Qg5 $16) 17. Qd4 Bb7 18. fxe6 fxe6 19. Rab1 $1 Rc8 20. e5 d5 21. Nxc5 Qxc5 22.
Qd3 Rg7 23. Ne4 $1 $16 {1-0 Sulskis,S-Sutovskij,E/Koszalin 1998/CBM 65 ext (56)
}) 13... Nc5 (13... Be7 {was a logical way to continue.}) 14. Kh1 Bd7 (14...
Be7 $5) 15. Rab1 b5 {Black king would not be safe in the center, and Kotronias
finds out a way to prove it.} (15... O-O-O $142 16. fxe6 fxe6 17. Rxf6 $132)
16. fxe6 fxe6 17. e5 $1 $16 {[%mdl 64] It opens the center, and white gets
e4-square for the knight.} (17. Rxf6 Be7 (17... Bg7 18. Qg5 $1) 18. Rh6 O-O-O
$132) 17... dxe5 $2 {Now white is developing decisive attack.} (17... f5 18.
exd6 Nxb3 19. Qg5 $3 $18 {[%cal Re2h5] Black is hopeless against white's
threats.}) (17... fxe5 18. Rxf8+ $1 (18. Qg5 $18 {[%cal Rf1f8]}) 18... Rxf8 19.
Bxh5+ Ke7 20. Qg5+ $18) (17... O-O-O 18. exf6 $16) 18. Nxc5 Bxc5 (18... Qxc5
19. Ne4 Qd4 20. Nxf6+ $18 {[%cal Gd2g5]}) 19. Ne4 (19. Rxf6 Bd4 20. Ne4 $16)
19... Be7 (19... O-O-O 20. Rb3 {[%csl Rc5]}) 20. Rb3 $1 {Another strong move-
black queen will be out of play on a2.} Qxa2 {[%csl Ra2]} 21. Nxf6+ Bxf6 22.
Rxf6 Rc8 23. Bd1 $1 {Preventing any counterplay. After 23.Qg5, which looks
very logical, black gets chances to save the game.} (23. Qg5 Qxc2 24. Bxh5+
Rxh5 25. Qxh5+ Ke7 {and black is still alive.} (25... Kd8)) 23... e4 24. Rf1
$18 {Despite of two pawns up, black is hopeless-white has decisive attack. Qa2
has no way to come back to the defense.} (24. Qg5 $18) 24... Rg8 25. Qd6 Kd8
26. Rg3 (26. Rf7 Rc7 27. Rg3 {-like in the game.}) 26... Re8 27. Rg7 Rc7 28.
Rff7 1-0

[Event "Najdorf Memorial 8th"]
[Site "Buenos Aires"]
[Date "1997.05.20"]
[Round "2"]
[White "Campora, Daniel Hugo"]
[Black "Morovic Fernandez, Ivan"]
[Result "0-1"]
[WhiteElo "2555"]
[BlackElo "2580"]
[Annotator "Tyomkin,D"]
[PlyCount "68"]
[EventDate "1997.05.19"]
[EventType "tourn"]
[EventRounds "9"]
[EventCountry "ARG"]
[EventCategory "13"]
[SourceTitle "CBM 060"]
[Source "ChessBase"]
[SourceDate "1997.09.29"]
[SourceVersion "1"]
[SourceVersionDate "1997.09.29"]
[SourceQuality "1"]

1. e4 c5 2. Nf3 d6 3. d4 cxd4 4. Nxd4 Nf6 5. Nc3 a6 6. Bg5 e6 7. f4 Qb6 8. Nb3
Be7 9. Qf3 Nbd7 10. O-O-O Qc7 11. Bd3 b5 12. a3 Rb8 13. Rhe1 b4 (13... h6 {
Tyomkin,D} 14. Qh3 e5 $1 15. g4 Nb6 16. fxe5 dxe5 (16... Bxg4 $2 17. exd6 Qxd6
(17... Bxd6 18. e5) 18. e5 (18. Qe3 $5) 18... Qc6 19. Qg3 Nh5 20. Qxg4 Bxg5+
21. Kb1 Nf4 22. h4 $16) 17. Bxf6 Bxf6 18. Nd5 Nxd5 19. exd5 O-O 20. Nd2 $2 (20.
d6 $5) 20... Rd8 21. Ne4 Be7 22. d6 Bxd6 23. Nxd6 Rxd6 24. Rxe5 Bxg4 $1 {
[%csl Re5][%cal Gd6d3]} 25. Qe3 {[%cal Re5e8]} (25. Rde1 Re6 26. Rxe6 Bxe6 27.
Rxe6 fxe6 28. Qxe6+ Kf8 29. Qxa6 Qxh2 30. Bxb5 Qg1+ $17) 25... Re6 $17 {
Zaitsev Igor A-Mitenkov Alexey/It (cat.9), Moscow (Russia) 1996/0-1 (43)}) 14.
axb4 Rxb4 15. Qe2 $2 $146 (15. Kb1 {Tyomkin,D} Bb7 16. Qh3 Nc5 17. Na2 $4 (17.
Nxc5 $13 {[%cal Ge4e5]}) 17... Nxd3 18. Bxf6 (18. Qxd3 Rxe4) 18... Rxb3 $1 19.
Bxg7 Nxe1 20. Qxb3 Rg8 $19 {Ellison,D-Collinson,A/Balatonbereny op 1992/0-1(29)
}) 15... h6 $1 16. h4 (16. Bh4 $5 Nxe4 $1 17. Bxe7 (17. Qg4 Ndf6 (17... Nxc3
18. Qxg7 Rf8 19. Bxe7 Kxe7 20. bxc3 Rxf4 21. Qxh6 Rf6 22. Qh4 $132) 18. Bxf6
Nxf6 19. Qxg7 Rg8 20. Qxh6 Rxg2 $13) 17... Nxc3 18. bxc3 Qxc3 19. Bxd6 Rxb3 20.
Qh5 {[%csl Re6]} (20. f5 {but always black can make a draw}) (20. Be5 $2 Nxe5
21. Qxe5 O-O) 20... Nf6 21. Qc5 $44) (16. Bxf6 Bxf6 17. e5 dxe5 18. f5 Nb6 $1)
16... hxg5 17. hxg5 Nc5 (17... Nh5 $5 18. Rh1 Nc5 (18... g6 19. g4 d5 20. exd5
(20. gxh5 d4 $5 21. hxg6 Qxf4+ 22. Kb1 Rxh1 23. Rxh1 dxc3 24. g7 $1) 20...
Qxf4+ 21. Kb1 Qxg4 22. dxe6 Qxe2 23. exd7+ Bxd7 24. Bxe2 Bxg5 25. Bxa6 $11) (
18... d5 19. exd5 Qxf4+ 20. Kb1 Qxg5 21. dxe6 fxe6 22. Qxe6 $44) 19. Rxh5 (19.
Nxc5 $2 dxc5 {[%csl Rf4][%cal Gc5c4]}) 19... Rxh5 20. Qxh5 Nxb3+ $15) (17...
Nh7 $5 18. Rh1 $44 {[%csl Re8,Rh7,Rh8] Black has piece up,but in other hand
the pin on the h-file and strong position in the center give white a good
compensation}) 18. gxf6 gxf6 (18... Nxb3+ 19. cxb3 Bxf6 20. Bc4 Bb7 $13) (18...
Bxf6 $6 19. Nxc5 Qxc5 20. e5 dxe5 21. Ne4 $36) 19. Nxc5 $2 (19. Nd2 $142) 19...
dxc5 $17 {[%csl Gf4][%cal Gc5c4]} 20. Bxa6 (20. Qe3 {[%cal Ye3f4,Gd3f1]} c4 21.
Bf1 Qb8 {[%csl Rb2]}) 20... Qxf4+ 21. Kb1 Bxa6 22. Qxa6 O-O 23. Rd7 Rfb8 $1 24.
Nd1 (24. Rxe7 $2 Rxb2+ 25. Ka1 Qd2 $19) 24... Bf8 25. Rf1 $2 (25. Qa7 $142 Bh6
(25... Qe5 {[%cal Gb4b2]} 26. b3 (26. Qa3 Bg7 $17 {[%csl Rb2,Re4][%cal Yf6f5]})
26... c4 27. Rxf7 cxb3 28. c3 $1 $13 Rxe4 $4 29. Rh7 $1 $18) 26. Re3 Qf1 {
[%cal Rb4b2]} 27. Rg3+ Bg5 $17) 25... Qxe4 $19 26. Qd3 (26. Rxf6 Bg7 27. Rdxf7
Qd4 $1 $19) 26... Qxd3 27. Rxd3 f5 28. c3 Rg4 29. Rf2 Be7 30. Kc2 Bg5 31. b3
Kg7 32. Ne3 Re4 33. Nc4 Ra8 34. Rd1 $2 {[%tqu "En","","","","e4c4","",5]} Rxc4
0-1

[Event "Oxford GM-A"]
[Site "Oxford"]
[Date "1998.12.14"]
[Round "1"]
[White "Hector, Jonny"]
[Black "Sutovsky, Emil"]
[Result "1/2-1/2"]
[WhiteElo "2510"]
[BlackElo "2575"]
[Annotator "Tyomkin,D"]
[PlyCount "64"]
[EventDate "1998.12.14"]
[EventType "tourn"]
[EventRounds "9"]
[EventCountry "ENG"]
[EventCategory "11"]
[SourceTitle "CBM 069"]
[Source "ChessBase"]
[SourceDate "1999.04.01"]
[SourceVersion "1"]
[SourceVersionDate "1999.04.01"]
[SourceQuality "1"]

{[%mdl 512]} 1. e4 c5 2. Nf3 d6 3. d4 cxd4 4. Nxd4 Nf6 5. Nc3 a6 6. Bg5 e6 7.
f4 Qb6 8. Nb3 Be7 9. Be2 Nbd7 10. Qd3 Qc7 11. Bf3 h6 12. Bxf6 Nxf6 13. O-O-O e5
14. f5 b5 15. a3 h5 16. g3 (16. h3 {Georgiev,Ki/Kostakiev,D} h4 17. Rhg1 Bb7
18. g3 hxg3 19. Rxg3 Rh7 20. Rdg1 Bf8 $132) 16... Bb7 {This variation isn't
dangerous for black.The standart plan is Rc8,Nd7-b6-c4-(xa3).} 17. h3 $6 $146 (
17. Kb1 Rc8 18. h3 Nd7 $1 19. g4 Nb6 20. Na5 (20. gxh5 $5 Nc4 21. Ka2 Nxa3 $15)
20... Ba8 21. Qd2 Qd8 $1 {[/\ X g4-g5]} 22. Rhg1 {Shabalov,A-Georgiev,K/Elista
1998/CBM 66 ext/[Georgiev,Ki/Kostakiev,D] /0-1(29)} (22. gxh5 $142 Nc4 23. Nxc4
Rxc4 24. Qg2 Bf6 25. Nd5 Bxd5 26. Rxd5 Rd4 27. Rd1 Qb6 28. c3 Rxd1+ 29. Bxd1 {
^-} Ke7 $44)) 17... Rc8 $15 18. Qe3 (18. g4 h4 19. g5 Nh5 {Black is safe on
the kingside.}) 18... Nd7 {The other idea for black is to push h5-h4,and after
g3-g4 to take control over diagonal d8-h4 by Qd8.} (18... h4 $5 19. g4 Nh7 {
[%csl Rg5]} (19... d5 $5)) 19. h4 Nb6 20. Qe2 {[%csl Rh5]} Nc4 {[%cal Rc4a3]}
21. Rd3 {[%cal Yd3c3]} Qb6 {[%mdl 512]} 22. Bxh5 a5 (22... d5 $5 {[%cal Rb6h6]}
23. Bf3 d4 24. Nd5 Bxd5 25. exd5 Ne3 $44) 23. Rd5 {[%mdl 512] Typical
sacrifice of quality in structure like this.In case black accept it N gets
strong outpost on-d5 which disturbs black a lot.} (23. Nd5 Bxd5 24. exd5 (24.
Rxd5 $6 a4 $40 {[%cal Yb5b4,Yc4e3]}) 24... O-O $36 {[%cal Ga5a4] Black gets
the strong attack on the queenside.White can do anything against the black
king.}) 23... Bxd5 $2 (23... Nxa3 $142 $1 24. bxa3 Rxc3 $17 25. Rxb5 $140 Qc7 {
[%csl Rb5,Rg3][%cal Rb7a6,Rb7c6]}) 24. Nxd5 Qc6 25. Bg4 {[%cal Rf5f6]} Bf6 26.
Kb1 b4 27. axb4 axb4 28. Qd3 (28. Nxb4 Qa4 29. Nd5 Ra8 $1 {threatening Qa2+and
then Qa1!mating.} 30. Nc3 (30. Nc7+ $2 Kd7 31. Nxa8 Rxa8 {[%cal Ra4a2,Ra2a1]})
30... Qa6 31. Qd3 O-O 32. Be2 Rfc8 $40) 28... Qa4 29. Rd1 O-O 30. Be2 Rc6 31.
Qf3 Na5 (31... Bd8 32. f6 {White has a draw at least.}) 32. Nxf6+ gxf6 {
[%cal Gf3g4,Gg4h5]} 1/2-1/2

[Event "Capablanca Memorial Elite 36th"]
[Site "Havana"]
[Date "2001.05.08"]
[Round "4"]
[White "Luther, Thomas"]
[Black "Dominguez Perez, Leinier"]
[Result "0-1"]
[WhiteElo "2568"]
[BlackElo "2556"]
[Annotator "Tyomkin,D"]
[PlyCount "64"]
[EventDate "2001.05.05"]
[EventType "tourn"]
[EventRounds "12"]
[EventCountry "CUB"]
[EventCategory "13"]
[SourceTitle "CBM 084"]
[Source "ChessBase"]
[SourceDate "2001.09.13"]
[SourceVersion "1"]
[SourceVersionDate "2001.09.13"]
[SourceQuality "1"]

1. e4 c5 2. Nf3 d6 3. d4 cxd4 4. Nxd4 Nf6 5. Nc3 a6 6. Bg5 e6 7. f4 Qb6 8. a3
Nc6 (8... Be7 9. Qd2 h6 (9... Qxb2 10. Nb3 {[%cal Yc3a4,Yc3d1]} Nbd7 11. Bxf6 (
11. Nd1 Nxe4 12. Qe2 Nc3 13. Nxb2 Nxe2 14. Bxe7 Kxe7 15. Bxe2 $18) 11... Bxf6
12. Nd1 Bh4+ 13. g3 Qf6 14. gxh4 Qxh4+ 15. Qf2 $18) 10. Bxf6 (10. Bh4 Qxb2 11.
Nb3 Nxe4 $17) 10... Bxf6 11. O-O-O O-O 12. Nb3 Rd8 13. h4 $13 {1-0 Timman,
J-Van der Wiel,J/Amsterdam 1991/CBM 23 (59)}) (8... Qxb2 $4 9. Na4 {[%csl Rb2]}
) 9. Nb3 Be7 (9... Qe3+ 10. Qe2 Qxe2+ 11. Bxe2 $14 {[%cal Ge1c1]}) 10. Qf3 h6
11. Bxf6 Bxf6 12. O-O-O Qc7 13. h4 (13. g4 g5 $1) 13... Bd7 $6 $146 {Move of
Shirov looks strong cause it prevents from white the capture of the kingside
by g2-g4-g5;} (13... h5 14. g3 Bd7 15. Rh2 O-O-O 16. Rhd2 $14 Be7 17. Qe3 Kb8
18. Kb1 g6 19. Na4 Ne5 20. Nb6 Ng4 21. Nxd7+ Rxd7 22. Qe2 Rc8 23. Rd3 Qb6 24.
Nd4 e5 25. Rb3 Qc5 26. Rc3 Qb6 27. Rb3 Qc5 28. Rc3 Qb6 {1/2-1/2 Leko,P-Shirov,
A/Wijk aan Zee NED 2001/The Week in Chess 323 (28)}) 14. g4 O-O-O 15. Bg2 Kb8
16. g5 Be7 17. Qe3 $14 {White has space advantage all over the board; on the
other hand, black doesn't have any clear plan;} Bc8 18. Kb1 g6 19. f5 (19. Nd2
$5 $14 {[%cal Gd2f3,Gd2c4]}) 19... hxg5 20. hxg5 Ne5 $6 (20... gxf5 21. exf5
Rxh1 22. Rxh1 Rg8 23. g6 exf5 (23... Ne5 24. Rh7 fxg6 25. fxe6 Bg5 26. Qh3 Bxe6
27. Rxc7 Bxh3 28. Rxb7+ Kc8 29. Bd5 $16 {[%cal Gb7a7]}) (23... fxg6 $2 24. fxe6
$16 {[%cal Gc3d5]}) 24. Bxc6 (24. Nd5 Qd8 25. Nf4 Ne5 $1 (25... fxg6 26. Bxc6
bxc6 27. Rh7 $18) 26. gxf7 Rf8 27. Bd5 Bg5 $11 {[%cal Gg5f4,Ye5f7]}) 24... bxc6
(24... Qxc6 25. Rh7 $16 {[%csl Re7][%cal Gg6f7]}) 25. Nd4 {[%cal Re3e7]} Bf6
26. gxf7 Rf8 27. Qe8 (27. Rh7 Bxd4 28. Qxd4 Rxf7 29. Rxf7 Qxf7 30. Qxd6+ Qc7
31. Qb4+ Qb7 $11) 27... Qxf7 28. Qxc6 Be5 $11) 21. f6 Rxh1 22. Rxh1 Bf8 23. Bf1
$2 {Trying to prevent Nc4, white had overlooked (or understimated) black's
following move;} (23. Rh7 $14 {/+/- continuing the pressure;}) 23... d5 $1 {
Finally black pieces get freedom;} 24. exd5 exd5 25. Bg2 (25. Rh4 Ng4 {[%cal
Yc7f4,Yf4g3]} 26. Qd4 Qg3 27. Rh7 Qe1+ 28. Qd1 Qe3 {[%cal Gd5d4]}) (25. Nd4 Bc5
$132 {[%cal Ge5c4]}) 25... d4 $1 {Strong decision of young and talanted
chessplayer from Cuba- black develops very strong initiative in few moves;} 26.
Nxd4 Nc4 27. Qd3 $8 Nxb2 $1 {Dominguez had to calculate this blow while
playing 25...d4, of course;} (27... Nxa3+ 28. bxa3 {Otherwise black would take
on c2;} Qb6+ 29. Ncb5 axb5 {-semilar to the game, with the only difference
that white king is on b1 and not on b2, and not for black it is probably
better to get it on b2;}) 28. Kxb2 Qb6+ 29. Ncb5 (29. Ka1 Rxd4 30. Nd5 Qc5 $17)
29... axb5 30. Rd1 $2 {[%cal Yd8d1] Now white is getting pinned over d-file
forever; It was better to protect the knight with the rook from h4, getting
rid of above mentioned pin over d-file;} (30. Rh4 $142 Bc5 (30... Ka8 $2 31.
Qxb5) 31. Qg3+ Ka8 32. c3 b4 $1 33. axb4 Bxd4 34. Rxd4 Rxd4 35. cxd4 Qxb4+ 36.
Qb3 Qxd4+ 37. Qc3 Qf2+ 38. Qc2 Qxc2+ 39. Kxc2 Be6 {but probably white can save
it somehow;}) (30. Qg3+ Bd6 31. Qe3 Ka8 $1 32. c3 Bc5 33. Qe4 b4 $1 34. axb4
Bxd4 35. Ra1+ Kb8 36. Qf4+ Rd6 37. cxd4 Qxb4+ 38. Kc2 $8 Bf5+ 39. Kd1 Bg4+ $1
40. Kc2 Kc7 $1 $17 {[%csl Rc2] white king is much more vulnerable here, and
black pieces are very active;}) 30... Ka8 {Black's attack is unpreventable,
black just moves the king to safer place before starting the final action;} (
30... b4 31. axb4 Qxb4+ 32. Kc1 Bd6 {[%cal Rd6f4]} 33. Qe3 Re8 34. Qf3 Bf5 $17)
31. Qe4 {31.c3 would be tougher but wouldn't save white anyway:} (31. c3 Qc5 {
[%csl Ra3,Rg5]} 32. Qc2 Qxa3+ (32... Qxg5 $2 33. Ne6) 33. Kb1 b4 34. cxb4 Qxb4+
35. Nb3 Rxd1+ 36. Qxd1 Bf5+ $19 {[%cal Rb4a3]} {for example:} 37. Kb2 Qa3+ 38.
Kc3 Bb4+ 39. Kc4 Qa4 $1 {[%cal Rf5e6]} 40. Bxb7+ Kb8 $1 41. Bc6 Be6+ $19) 31...
b4 32. Kc1 (32. a4 Bc5 $19) 32... Bc5 {[%csl Rd1,Rd4] All is about that pin
over d-file;} (32... Bc5 33. Nf3 Be3+ 34. Nd2 Bxd2+ 35. Rxd2 Qg1+ $19) 0-1

[Event "RUS-ch 54th"]
[Site "Elista"]
[Date "2001.05.03"]
[Round "4"]
[White "Bezgodov, Alexei"]
[Black "Najer, Evgeniy"]
[Result "1/2-1/2"]
[WhiteElo "2543"]
[BlackElo "2600"]
[Annotator "Tyomkin,D"]
[PlyCount "104"]
[EventDate "2001.04.29"]
[EventType "swiss"]
[EventRounds "9"]
[EventCountry "RUS"]
[SourceTitle "CBM 083"]
[Source "ChessBase"]
[SourceDate "2001.07.05"]
[SourceVersion "1"]
[SourceVersionDate "2001.07.05"]
[SourceQuality "1"]

1. e4 c5 2. Nf3 d6 3. d4 cxd4 4. Nxd4 Nf6 5. Nc3 a6 6. Bg5 e6 7. f4 Qb6 8. Qd3
{Rare move. 8. Qd2 is a main line;} Qxb2 (8... Nc6 9. O-O-O Bd7 {0-1 Pyhala,
A-Oll,L/Helsinki 1995/EXT 99 (26) 1-0 Liss,E-Loginov,V/Budapest 1993/CBM 38 
(40)}) 9. Rb1 Qa3 10. f5 Be7 {White suffers of its queen on d3- no Bc4 idea
like after 8.Qd2;} (10... Nc6 11. fxe6 fxe6 12. Nxc6 bxc6 13. e5 dxe5 14. Bxf6
gxf6 {-theory; Black survives in that line- the point is that white doesn't
have Ne4 idea here, like after 8.Qd2, because of the trade of queens.} 15. Ne4
$140 Qxd3) 11. Be2 Qa5 $146 {Actually, after 11...Nc6, black has refuted
white's opening play with 8.Qd3:} (11... Nc6 12. fxe6 fxe6 13. Nxc6 bxc6 14. e5
dxe5 15. Bxf6 gxf6 16. Bh5+ Kf8 {And in both following games white tried to
move the queen to the diagonal c1-h6, but black defends there easily:} 17. Qd2
(17. Qe3 Kg7 18. Rb3 Qc5 19. Qg3+ Kf8 20. Ne4 Qa5+ 21. Rc3 Rg8 22. Qh3 Qa4 23.
Nxf6 Bxf6 24. O-O Qd4+ 25. Kh1 e4 $19 {0-1 Pyhala,A-Tella,J/FIN-chT 1993/EXT
98 (34)}) 17... Kg7 18. Rb3 Qa5 19. O-O Rg8 20. Kh1 Kh8 $17 21. Qh6 Qd8 22. Ne4
f5 23. Bf7 Qf8 24. Qh5 Rg7 25. Be8 a5 26. Bxc6 Ba6 27. Rf2 Rd8 {0-1 Nunn,
J-Kasparov,G/Brussels 1986/CBM 01 (27)}) 12. Bd2 (12. O-O Nc6 {and e5-square
is under control of black queen, so white can not destroy black's center by
fxe6, Nxc6 and e4-e5.}) 12... Qc7 (12... Nc6 $5 {and white can not use Qa5 at
the moment;}) 13. fxe6 fxe6 14. Qh3 Nc6 $17 (14... e5 15. Ne6 Bxe6 16. Qxe6 $44
{[%csl Yd5,Ye6,Yf5] White has a compensation thanks to the control over
central light squares;}) 15. Nxc6 (15. Nxe6 Bxe6 16. Qxe6 Nd4 17. Qh3 (17. Qc4
$2 Qxc4 18. Bxc4 Nxc2+ {[%csl Rb1,Rc4][%cal Gc2a3]}) 17... Nxe2 (17... Nxc2+
18. Kd1 Nd4 19. Bh5+ $44) 18. Kxe2 O-O {[%csl Re2] and white king is unsafe in
the center.}) 15... Qxc6 (15... bxc6 {was same good for black;}) 16. Bh5+ Nxh5
17. Qxh5+ g6 18. Qh6 Bf6 $17 {/-+} 19. Ne2 Bd7 {It was a bit risky to capture
more material, but probably black can hold the defense, staying with few extra
pawns:} (19... Qxc2 $5 20. O-O Qxe4 {[%cal Ge4h4]} 21. Rb4 Qe5 {[%cal Gh8f8]})
20. O-O Rf8 21. Rb3 {[%cal Gb3f3]} (21. Bc3 Be7 $17) 21... Be7 $6 {Black has
wrongly declined th way to win material, trying to complete the development.} (
21... Qxe4 22. Re3 Qh4 23. Ref3 Qxh6 (23... Ke7 24. Qe3 {[%cal Gf3h3,Ge2f4]
white still has some activity;}) 24. Bxh6 Ke7 25. g4 $1 {[%cal Yf1f8] playing
on the pin over f-file;} (25. Bxf8+ Rxf8 $19 {[%cal Gf6g7]}) 25... Bb5 $1 $19 {
Two pawns for exchange would be enough for black to win this ending;}) 22. Rbf3
Rxf3 23. Rxf3 Qxe4 24. Ng3 $2 {And white is not on top- white has missed
following defensive monouevre of black;} (24. Qxh7 O-O-O 25. Qxe7 (25. Re3 Qh4
26. Qxg6 Rf8 $17) 25... Qxe2 26. Bg5 Qd1+ 27. Kf2 Qxc2+ 28. Kg3 Re8 29. Qxd6 {
keeping couterchances;}) 24... Qd4+ 25. Be3 Qh8 $1 {This unusual move keeps
black's position- long castling is coming...} 26. Bg5 {Only way to prevent
0-0-0;} Bc6 27. Rf2 Bxg5 28. Qxg5 Qe5 29. Qh4 {[%cal Yh4d8] staying with the
queen on the same track;} (29. Qh6 O-O-O 30. Qxh7 g5 $19) 29... Qg7 $1 {
[%cal Gg7e7]} 30. Qg4 Qe7 (30... Kd7 $19 {[%cal Ga8e8]}) 31. Re2 (31. Nh5 O-O-O
32. Nf4 Bd7 $19) 31... Kd7 $19 {Black king feels quite safe in the center,
covered by black central pawns- white doesn't have enough forces to organize
some real threats.} 32. Ne4 Bxe4 $2 {Black was probably under some time
pressure, anc couldn't calculate the following line properly:} (32... Rf8 33.
Ng5 Bd5 34. c4 {That's why, probably, black decided to trade its bishop, but...
} Qf6 $1 {[%cal Rf6f1]} 35. Nf3 (35. h4 h5 {[%cal Yf6f1]}) 35... h5 $19 {
[%cal Gd5c4]}) 33. Qxe4 d5 34. Qa4+ Kc7 35. Qf4+ Kd7 36. Qa4+ b5 37. Qd4 {
[%cal Yd4g7,Yd4a7] From this central point white queen has an access to all
the board.} Kc6 $6 {Again black misses better way- black king would be safer
on the kingside. Now white breaks the queenside and gets some counterplay} (
37... Rf8 $1 38. Qa7+ Ke8 39. Qa8+ Kf7 40. Rf2+ Kg7 41. Rxf8 Qxf8 42. Qxa6 Qc5+
43. Kf1 Kf6 {and black is clearly winning in the queens' endgame.}) 38. a4 $1
Re8 39. axb5+ axb5 40. Re3 $1 {[%cal Ge3c3,Gc3b3]} Rc8 41. h3 Kb7 42. Qd3 (42.
Qxd5+ exd5 43. Rxe7+ Rc7 44. Re2 Kc6 $19 {[%cal Gc6c5,Gc5c4]}) 42... Kb6 $6 {
And again black misses the best move.} (42... Rc4 {[%cal Gb7c6]}) 43. Qe2 Rc6
44. Kh1 Qd6 45. Rb3 Qc5 $2 {[%csl Re5] Letting white to enter the queen by
dark squares.} (45... Rc4 46. Qe3+ Kc6 $19) 46. Qe5 Qd6 47. Qd4+ Qc5 48. Qe5 {
[%cal Re5b8]} Qd6 49. Qd4+ Rc5 {Now black pieces are placed dubiously, and
white finds a way to use it.} 50. c4 $1 {[%cal Rd4b6,Rb3b6,Rd4d6] Moving 3
pawns under 3 attacks of black, but all black attackers are pinned down.} Kc6
$2 {Missing the last winning chance.} (50... Kb7 $1 51. Qb2 $1 dxc4 (51... h5
$5) 52. Rxb5+ Rxb5 53. Qxb5+ Qb6 54. Qxc4 $17) 51. cxb5+ Kb7 52. Rb1 {Now
white can organize counterplay over passed pawn b5;} Rc4 {Draw was agreed
thanks to the following line:} (52... Rc4 53. Qg7+ Qc7 54. Qa1 {[%cal Ga1a6,
Rb5b6]} Qb6 55. Qg7+ Qc7 56. Qa1 $11) 1/2-1/2